000 00664nam a2200193 a 4500
003 0
005 20250407082952.0
008 071124s19uu xx 00 eng d
050 _aPHS HQ 799.2.P44
_b.L44 2007
100 _aLee, Jae Bin K.
245 _aThe effects of peer pressure on family relationship /
_cJae Bin K. Lee.
260 _aLas PiƱas City, Philippines :
_bSouthville International School and Colleges,
_c2007.
300 _a23 pages :
_billustrations ;
_c28 cm.
504 _aIncludes bibliographical references.
650 _aPeer pressure in adolescence.
650 _aParent and child.
650 _aFamily relationships.
942 _2lcc
_cPASS
999 _c97852
_d97852